Take the Stupid Test - Statistics

General Stats
  • This quiz has been taken 193 times
  • The average score is 10 of 15
Answer Stats
Hint Answer % Correct
Describe the color green Green
94%
Opposite of down Up
91%
Opposite of me You
90%
Opposite of always Never
86%
Two ones 11
84%
Stop drop and___ Roll
79%
Name that rhymes with Nick Rick
72%
Word that means better than good Great
71%
Opposite of get Give
65%
Contraction of “going to” Gonna
60%
Two ones is 2? No.
60%
Describe Gordon Ramsay in two words Gordon Ramsay
58%
Spell the above word The above word
44%
We’re going on a trip in our___ Favorite rocket ship
40%
Pronunciation of route Rowt
35%
No matching quizzes found
Score Distribution
Percent of People with Each Score
Percentile by Number Answered
Your Score History
You have not taken this quiz